000 00927nam a22002295i 4500
001 163576
003 ES-MaACL
005 20240619063118.0
008 940301s1880 sp |||| | spa d
040 _aAS
_bspa
100 1 _aRivadeneyra, Adolfo,
_d1841-1882
_9131853
245 1 0 _aViaje al interior de Persia /
_cpor Adolfo Rivadeneyra.
260 _aMadrid :
_b[s.n.],
_c1880 (
_fImprenta y Estereotipia de Aribau y C\sa\p)
300 _a3 v. (383, 398, 410 p., [1] h. pleg. de mapa ;
_c18 cm.
505 8 _aMapas y planos incluidos: [V. 3: Persia. Itinerarios. 1881.]
530 _aDisponible en formato digital.
596 _aEn la cub. de t. III consta 1881 y en port. 1880.
651 4 _aIrán-
_vDescripción.
_9158056
852 _aES-MaACL
_jG-7746-48
_z-- Enc. pasta
856 _uhttp://bdh-rd.bne.es/viewer.vm?id=0000099870&page=1
_zBiblioteca Digital Hispánica
999 _c163576
_d163576